परमवीर चक्र विजेता की गाथाये / (Record no. 198696)
[ view plain ]
| 000 -LEADER | |
|---|---|
| fixed length control field | 00875nam a22001937a 4500 |
| 005 - DATE AND TIME OF LATEST TRANSACTION | |
| control field | 20231005132340.0 |
| 010 ## - LCCN (DPL NO) | |
| LC control number | B-755833 |
| 020 ## - INTERNATIONAL STANDARD BOOK NUMBER | |
| International Standard Book Number | 9788195183852 |
| Terms of availability | 240.00 |
| 035 ## - SYSTEM CONTROL NUMBER | |
| System control number | B-755833 |
| 082 ## - DEWEY DECIMAL CLASSIFICATION NUMBER | |
| Edition number | 2021 |
| Classification number | 000 |
| Item number | 1 |
| 100 ## - MAIN ENTRY--PERSONAL NAME | |
| Personal name | हरिराम , कुंती |
| 245 ## - TITLE STATEMENT | |
| Title | परमवीर चक्र विजेता की गाथाये / |
| Statement of responsibility, etc | कुंती हरिराम |
| 260 ## - PUBLICATION, DISTRIBUTION, ETC. (IMPRINT) | |
| Place of publication, distribution, etc | मेरठ |
| Name of publisher, distributor, etc | निरुपमा प्रकाशन |
| Date of publication, distribution, etc | 2021 |
| 270 ## - ADDRESS | |
| Address | ए 1/1 अग्रसेन विहार शास्त्री नगर |
| City | मेरठ |
| 300 ## - PHYSICAL DESCRIPTION | |
| Extent | 159पृ. |
| Other physical details | 22सेमी (अजिल्द) |
| 700 ## - ADDED ENTRY--PERSONAL NAME | |
| Personal name | लता सिंघई |
| 9 (RLIN) | 57685 |
| 942 ## - ADDED ENTRY ELEMENTS (KOHA) | |
| Source of classification or shelving scheme | Dewey Decimal Classification |
| Item type | Hindi Books |
| Edition | 2021 |
| Classification part | 000 |
| Call number suffix | रिराम |
No items available.
